[Event "POL Superleague Rapid"]
[Site "Poland"]
[Date "2023.05.09"]
[Round "7.4"]
[White "Sliwicka, Alicja"]
[Black "Zawadzka, Beata"]
[Result "1/2-1/2"]
[WhiteElo "2311"]
[BlackElo "2329"]
[PlyCount "94"]
[EventDate "2023.04.04"]
[EventType "team-tourn (rapid)"]
[EventRounds "14"]
[EventCountry "POL"]
[SourceTitle "EXT 2024"]
[Source "ChessBase"]
[SourceDate "2023.10.10"]
[SourceVersion "1"]
[SourceVersionDate "2023.10.10"]
[SourceQuality "1"]
[WhiteTeam "Krakow Dwie Wieze"]
[BlackTeam "Gorzow Wielkopolski Stilon"]
[WhiteTeamCountry "POL"]
[BlackTeamCountry "POL"]

1. e4 c5 2. Nf3 d6 3. d4 cxd4 4. Nxd4 Nf6 5. Nc3 a6 6. Nb3 Nbd7 7. g4 h6 8. Be3 e6 9. h4 b5 10. Bg2 Bb7 11. g5 hxg5 12. hxg5 Rxh1+ 13. Bxh1 b4 14. Nd5 Nxd5 15. exd5 e5 16. Nd2 Qc7 17. Ne4 Nb6 18. g6 f6 19. Ng3 Nc4 20. Qg4 Bc8 21. Qe4 Nxe3 22. fxe3 Qc5 23. 0-0-0 Bd7 24. Nf5 Rc8 25. Nd4 Qc4 26. Kb1 a5 27. Nc6 Qc5 28. Qd3 f5 29. e4 f4 30. Bf3 Bxc6 31. dxc6 Rxc6 32. Bg4 Qc4 33. Bf5 Qxd3 34. Rxd3 Rc4 35. Kc1 Be7 36. Kd1 Rc6 37. Be6 Bd8 38. Bd5 Rb6 39. Rh3 Ke7 40. Rh8 Rb8 41. Bf7 Bc7 42. Rh7 Kf6 43. Rh5 Bb6 44. Rf5+ Ke7 45. Bd5 Rf8 46. Bf7 Bd4 47. b3 Bc5 1/2-1/2